1739 1869 1861 1215 1173 1883 1719 1653 1910 1607 1948 1114 1203 1758 1886 1582 1544 1196 1044 1047 1374 1381 1889 1605 1209 1012 1627 1947 1446 1495 1940 1955 1528 1887 1562 1789 1865 1028 1204 1552 1845 1570 1691 1302 1221 1468 1875 1644 1574 1974 1465 1071 1934 1083 1733 1550 1199 1049 1638 1026 1149 1019 1917 1426 1193 1626 1162 1988 1797 1233 1706 1106 1904 1794 1509 1400 1314 1683 1082 1721 1508 1935 1042 1767 1994 1367 1784 1604 1631 1228 1218 1798 1048 1763 1589 1407 1829 1769 1263 BCNSPRNW ULIB Ver.6.0+V

เปลี่ยนเป็นภาษาไทย

Change to English
 แสดงรายละเอียดบรรณานุกรม
  กลับหน้าหลัก

Brief Record : Get Marc (ISO 2709) : E-mail record : QR code < ปิดหน้าต่าง
LEADER : 00000nam 2200000uu 4500
001    13399126635
003     ULIB
008    190129s2559||||th 000 0 tha d
020    ^a9789740332183
060    ^aWW100^bป57จ
100    ^aเปรมจิต เศาฌานนท์
245    ^aจักษุจุฬา/^cเปรมจิต เศาฌานนท์
250    ^aพิมพ์ครั้งที่ 2
260    ^aกรุงเทพฯ :^bพิมพ์ดี,^c2559
300    ^a327 หน้า
650    ^aตา
945    ^p220^l0^i005012
945    ^p220^l0^i005011
945    ^p220^l0^i005010
945    ^p220^l0^i005009
945    ^p220^l0^i005008
999    ^aประนอม เกษจรัล
รายการนี้ยังไม่มีแท็ก
คุณยังไม่ได้ล็อกอิน คุณสามารถมีกิจกรรมร่วมกับเว็บไซต์ได้ แต่ต้องล็อกอินก่อน ::
  ล็อกอิน

รายการสื่อสารสนเทศ

ลำดับที่ ประเภท เลขเรียก/บาร์โค้ด สถานที่ สถานะ
1. วิทยาศาสตร์การแพทย์ และสุขภาพ
หนังสือสำรอง
สถานะ=หนังสือสำรอง
WW100 ป57จ ฉ.1 
  Barcode: 005008
ห้องสมุดวิทยาเขตสวรรค์ประชารักษ์
►หนังสือทั่วไป
ถูกยืม กำหนดส่งวันที่ 13 สิงหาคม 2566
  จอง
2. วิทยาศาสตร์การแพทย์ และสุขภาพ
วิทยาศาสตร์การแพทย์ และสุขภาพ
WW100 ป57จ ฉ.2 
  Barcode: 005009
ห้องสมุดวิทยาเขตสวรรค์ประชารักษ์
►หนังสือทั่วไป
บนชั้น
3. วิทยาศาสตร์การแพทย์ และสุขภาพ
วิทยาศาสตร์การแพทย์ และสุขภาพ
WW100 ป57จ ฉ.3 
  Barcode: 005010
ห้องสมุดวิทยาเขตสวรรค์ประชารักษ์
►หนังสือทั่วไป
บนชั้น
4. วิทยาศาสตร์การแพทย์ และสุขภาพ
วิทยาศาสตร์การแพทย์ และสุขภาพ
WW100 ป57จ ฉ.4 
  Barcode: 005011
ห้องสมุดวิทยาเขตสวรรค์ประชารักษ์
►หนังสือทั่วไป
ถูกยืม กำหนดส่งวันที่ 15 พฤษภาคม 2569
  จอง
5. วิทยาศาสตร์การแพทย์ และสุขภาพ
วิทยาศาสตร์การแพทย์ และสุขภาพ
WW100 ป57จ ฉ.5 
  Barcode: 005012
ห้องสมุดวิทยาเขตสวรรค์ประชารักษ์
►หนังสือทั่วไป
บนชั้น

รายการใกล้เคียง
    ผู้แต่ง [เปรมจิต เศาฌานนท์]

    หัวเรื่อง [ตา]

BibComment


ยังไม่เคยถูกคอมเมนท์

คอมเมนท์ทรัพยากรรายการนี้
  คอมเมนท์: จักษุจุฬา เปรมจิ..


 Copyright 2026. Bcnsprnw @Library